| 000 | 01834nam0a2200373 i 4500 | ||
|---|---|---|---|
| 001 | RU\NLR\BIBL_A\011145018 | ||
| 005 | 20241102013313.0 | ||
| 010 |
_a9785160117263 _9500 |
||
| 021 |
_aRU _b2016-40575 _92599 |
||
| 035 | _a(NILC)RuMoRGB-008489468 | ||
| 035 | _a(NLR Aleph) 011145018 | ||
| 090 |
_a11639554 _c11639554 |
||
| 100 | _a20160602d2016 km y0rusy50 ca | ||
| 101 | 0 | _arus | |
| 102 | _aRU | ||
| 105 | _aa j 000yy | ||
| 200 | 1 |
_aСистемы органов животных _iСравнительная морфология отдельных систем органов у различных типов животных _eучебное пособие _eдля студентов высших учебных заведений, обучающихся по специальности 36.03.02 "Зоотехния" _fЛ. Н. Ердаков, Н. А. Прусевич |
|
| 205 | _a2-е изд.,перераб. и доп. | ||
| 210 |
_aМосква _cИНФРА-М _d2016 |
||
| 215 |
_a160, [1] с. _cил. _d21 |
||
| 225 | 1 | _aВысшее образование - бакалавриат | |
| 225 | 1 | _aБакалавриат | |
| 300 | _aНа 4-й с. обл. авт.: Ердаков Л. Н., д.б.н., проф., Прусевич Н. А., к.б.н., доц. | ||
| 320 | _aБиблиогр.: с. 159 (16 назв.) | ||
| 606 |
_aЖивотные _jУчебные издания для высших учебных заведений _xМорфология _91129255 _3RU\NLR\AUTH\66128954 |
||
| 675 | _a59 | ||
| 686 | 1 | _aЕ660я732П | |
| 700 | 1 |
_aЕрдаков _bЛ. Н. _f1941- _gЛев Николаевич |
|
| 701 | 1 |
_aПрусевич _bН. А. _gНиколай Александрович |
|
| 801 | 0 |
_aRU _bРГБ _c20160517 _gRCR |
|
| 942 | _cBOOK | ||
| 980 | _aNBR | ||